| 000 | 00565nam a22001937a 4500 | ||
|---|---|---|---|
| 999 |
_c3821 _d3821 |
||
| 003 | GBCCL | ||
| 005 | 20241126110504.0 | ||
| 008 | 171213b xxu||||| |||| 00| 0 eng d | ||
| 040 | _cgbc | ||
| 082 |
_a248.843 _bGOO |
||
| 100 |
_aGoodboy, Eadie _97523 |
||
| 245 |
_aGod's Daughter: _bPractical Aspects of a Christian Woman's Life / _cEadie Goodboy |
||
| 260 |
_bWomen's Aglow Fellowship, _aLynnwood: _c1984 |
||
| 300 |
_a64 P.; _c23 cm. |
||
| 440 |
_aBible Study _93980 |
||
| 650 |
_aChristian Women _97524 |
||
| 650 |
_aWomen _vChristian life _97525 |
||
| 942 |
_2ddc _cBK |
||